[Event "NED-ch op 5'"]
[Site "Dordrecht"]
[Date "2003.02.15"]
[Round "?"]
[White "Timman, Jan H"]
[Black "Piket, Jeroen"]
[Result "1-0"]
[WhiteElo "2590"]
[BlackElo "2645"]
[PlyCount "98"]
[EventDate "2003.02.15"]
[EventType "swiss"]
[EventRounds "34"]
[EventCountry "NED"]
[SourceTitle "CBM 092 Extra"]
[Source "ChessBase"]
[SourceDate "2003.03.07"]
[SourceVersion "1"]
[SourceVersionDate "2003.03.07"]
[SourceQuality "1"]

1. e4 g6 2. d4 Bg7 3. c3 d6 4. f4 c6 5. Nf3 Nd7 6. Bd3 e5 7. 0-0 Qe7 8. fxe5 dxe5 9. Bg5 f6 10. Bh4 Nh6 11. Nbd2 0-0 12. Nc4 Nf7 13. a4 b6 14. Qc2 Bb7 15. Rad1 Rae8 16. Kh1 Kh8 17. Rfe1 Bh6 18. Qf2 Qe6 19. Ne3 Nd6 20. Qf1 c5 21. d5 Qe7 22. Nc4 Bf4 23. a5 h5 24. Bf2 Kh7 25. Ra1 Nxc4 26. Bxc4 f5 27. axb6 Nxb6 28. Rxa7 Ra8 29. Rxa8 Bxa8 30. exf5 Rxf5 31. Bd3 Rf7 32. c4 Nd7 33. Qe2 Bb7 34. Bg3 Ba6 35. b3 Bc8 36. Bxf4 Rxf4 37. Nxe5 Nxe5 38. Qxe5 Qxe5 39. Rxe5 Rd4 40. Be2 Rd2 41. Kg1 Bf5 42. d6 Rxd6 43. Rxc5 Rd2 44. Kf1 Rb2 45. Rb5 Be4 46. c5 h4 47. b4 Kh6 48. Rb6 Bxg2+ 49. Kxg2 Rxe2+ 1-0

[Event "Bundesliga 0203"]
[Site "Germany"]
[Date "2003.02.09"]
[Round "11.2"]
[White "Jansa, Vlastimil"]
[Black "Piket, Jeroen"]
[Result "0-1"]
[WhiteElo "2500"]
[BlackElo "2646"]
[PlyCount "82"]
[EventDate "2002.10.19"]
[EventType "team-tourn"]
[EventRounds "15"]
[EventCountry "GER"]
[SourceTitle "CBM 094"]
[Source "ChessBase"]
[SourceDate "2003.05.26"]
[SourceVersion "1"]
[SourceVersionDate "2003.05.26"]
[SourceQuality "1"]
[WhiteTeam "Forchheim"]
[BlackTeam "Solingen"]
[WhiteTeamCountry "GER"]
[BlackTeamCountry "GER"]

1. e4 e5 2. Nf3 Nc6 3. Bb5 a6 4. Ba4 Nf6 5. 0-0 Be7 6. Re1 b5 7. Bb3 d6 8. c3 0-0 9. h3 Na5 10. Bc2 c5 11. d4 Qc7 12. Nbd2 cxd4 13. cxd4 Rd8 14. d5 Bd7 15. Nf1 Rdc8 16. Bd3 Nb7 17. Bd2 Nc5 18. Bc2 a5 19. Ng3 Bd8 20. Nh2 Qb7 21. Qf3 b4 22. Ng4 Nxg4 23. hxg4 a4 24. Bd1 g6 25. Bh6 Bb5 26. Re3 Ra7 27. Be2 Bxe2 28. Qxe2 Qa6 29. Qd2 Qb5 30. Rf3 Qd7 31. Qxb4 Qxg4 32. Rc1 Rb7 33. Qa3 Rcb8 34. Nf5 Be7 35. Rxc5 dxc5 36. d6 Bf6 37. Qxc5 Qxe4 38. d7 Rxd7 39. Nd6 Qe1+ 40. Kh2 Be7 41. Rxf7 Bxd6 0-1

[Event "Bundesliga 0203"]
[Site "Germany"]
[Date "2002.10.19"]
[Round "1.2"]
[White "Krasenkow, Michal"]
[Black "Piket, Jeroen"]
[Result "1/2-1/2"]
[WhiteElo "2651"]
[BlackElo "2646"]
[PlyCount "78"]
[EventDate "2002.10.19"]
[EventType "team-tourn"]
[EventRounds "15"]
[EventCountry "GER"]
[SourceTitle "EXT 2003"]
[Source "ChessBase"]
[SourceDate "2002.11.25"]
[SourceVersion "1"]
[SourceVersionDate "2002.11.25"]
[SourceQuality "1"]
[WhiteTeam "Baden Oos"]
[BlackTeam "Solingen"]
[WhiteTeamCountry "GER"]
[BlackTeamCountry "GER"]

1. d4 d5 2. c4 c6 3. Nc3 Nf6 4. e3 e6 5. Nf3 Nbd7 6. Qc2 Bd6 7. g4 Nxg4 8. Rg1 Qf6 9. Rxg4 Qxf3 10. Rxg7 Nf8 11. Rg1 Ng6 12. Be2 Qf6 13. Bd2 Bd7 14. 0-0-0 Bxh2 15. Rh1 Bc7 16. e4 0-0-0 17. e5 Qe7 18. f4 f6 19. cxd5 fxe5 20. d6 Qxd6 21. dxe5 Qc5 22. Ne4 Qxc2+ 23. Kxc2 Ne7 24. Ng5 Rde8 25. Bg4 h6 26. Nxe6 Reg8 27. Bh3 Rg3 28. Ng5 Nf5 29. e6 Nd4+ 30. Kb1 hxg5 31. exd7+ Kd8 32. Bc3 Bb6 33. fxg5 Rhxh3 34. Bxd4 Bxd4 35. Rxh3 Rxh3 36. Rxd4 Rg3 37. Ra4 a6 38. Ra5 Kxd7 39. Rf5 Ke6 1/2-1/2

[Event "Eurotel Trophy"]
[Site "Prague"]
[Date "2002.04.29"]
[Round "1.1"]
[White "Piket, Jeroen"]
[Black "Svidler, Peter"]
[Result "0-1"]
[WhiteElo "2659"]
[BlackElo "2688"]
[PlyCount "72"]
[EventDate "2002.04.28"]
[EventType "k.o. (rapid)"]
[EventRounds "5"]
[EventCountry "CZE"]
[SourceTitle "CBM 089"]
[Source "ChessBase"]
[SourceDate "2002.08.12"]
[SourceVersion "1"]
[SourceVersionDate "2002.08.12"]
[SourceQuality "1"]

1. d4 Nf6 2. c4 g6 3. Nc3 d5 4. Bf4 Bg7 5. e3 c5 6. dxc5 Qa5 7. Rc1 Ne4 8. cxd5 Nxc3 9. Qd2 Qxa2 10. Rxc3 0-0 11. Bc4 Qa1+ 12. Rc1 Qxb2 13. Nf3 a5 14. Nd4 Qxd2+ 15. Kxd2 Na6 16. Bxa6 Rxa6 17. Bc7 a4 18. Rc3 Bf5 19. f3 Rc8 20. Bb6 Bd7 21. Ra3 Be5 22. Rc1 e6 23. dxe6 fxe6 24. Rb1 Bf6 25. Nb5 Be7 26. Nd6 Rc6 27. Nc4 Be8 28. Kd3 Bxc5 29. Bxc5 Rxc5 30. Nd2 Rd6+ 31. Ke2 Bb5+ 32. Ke1 Rd3 33. Rxb5 Rc1+ 34. Ke2 Rxa3 35. Ne4 Rc2+ 36. Kd1 Rxg2 0-1

[Event "Bundesliga 0102"]
[Site "Germany"]
[Date "2002.04.13"]
[Round "12.2"]
[White "Bischoff, Klaus"]
[Black "Piket, Jeroen"]
[Result "1/2-1/2"]
[WhiteElo "2541"]
[BlackElo "2630"]
[PlyCount "90"]
[EventDate "2001.10.06"]
[EventType "team-tourn"]
[EventRounds "15"]
[EventCountry "GER"]
[SourceTitle "EXT 2003"]
[Source "ChessBase"]
[SourceDate "2002.11.25"]
[SourceVersion "1"]
[SourceVersionDate "2002.11.25"]
[SourceQuality "1"]
[WhiteTeam "Koenig Plauen"]
[BlackTeam "Solingen"]
[WhiteTeamCountry "GER"]
[BlackTeamCountry "GER"]

1. c4 e5 2. Nc3 Bb4 3. Qc2 Nf6 4. e3 0-0 5. Nge2 Re8 6. a3 Bf8 7. g3 c6 8. Bg2 d5 9. cxd5 cxd5 10. d4 e4 11. Bd2 Na6 12. 0-0 Nc7 13. f3 Bf5 14. fxe4 Bxe4 15. Nxe4 Nxe4 16. Bxe4 Rxe4 17. Rf5 Re7 18. Raf1 g6 19. R5f2 Ne6 20. Nc3 Ng5 21. Kh1 Qd7 22. Qb3 Rd8 23. e4 Nxe4 24. Nxe4 dxe4 25. Bg5 Rde8 26. Bxe7 Rxe7 27. d5 e3 28. Rf3 Bg7 29. Rxe3 Rxe3 30. Qxe3 Qxd5+ 31. Qf3 Qxf3+ 32. Rxf3 Bxb2 33. Rb3 Bc1 34. Rxb7 Bxa3 35. Rxa7 Bd6 36. g4 h6 37. Kg2 Kg7 38. Ra6 Be5 39. h3 Bf6 40. Kf3 Bh4 41. Ke4 Bg3 42. Kd5 Kf8 43. Ra3 Bf4 44. Rf3 Bh2 45. Re3 Kg7 1/2-1/2

[Event "Amber-rapid 11th"]
[Site "Monte Carlo"]
[Date "2002.03.28"]
[Round "11"]
[White "Gelfand, Boris"]
[Black "Piket, Jeroen"]
[Result "1-0"]
[WhiteElo "2703"]
[BlackElo "2659"]
[PlyCount "85"]
[EventDate "2002.03.16"]
[EventType "tourn (rapid)"]
[EventRounds "11"]
[EventCountry "MNC"]
[EventCategory "18"]
[SourceTitle "CBM 087 Extra"]
[Source "ChessBase"]
[SourceDate "2002.05.03"]
[SourceVersion "2"]
[SourceVersionDate "2002.08.09"]
[SourceQuality "1"]

1. d4 d5 2. c4 c6 3. Nc3 Nf6 4. Nf3 e6 5. e3 Nbd7 6. Qc2 Bd6 7. g4 Bb4 8. Bd2 Qe7 9. Bd3 h6 10. cxd5 exd5 11. Rg1 Bxc3 12. Bxc3 Ne4 13. 0-0-0 0-0 14. h4 Re8 15. g5 h5 16. Kb1 a5 17. Be1 Qe6 18. Nd2 Nd6 19. f3 b5 20. e4 Nc4 21. Bf2 Ndb6 22. Nb3 Na4 23. Nc5 Nxc5 24. dxc5 Bd7 25. Bd4 Qh3 26. Qg2 Qxg2 27. Rxg2 Rad8 28. b3 Ne5 29. Bxe5 Rxe5 30. Rgd2 Rde8 31. Bc2 g6 32. exd5 cxd5 33. f4 Re3 34. Rxd5 Bg4 35. R1d2 Kg7 36. Bd3 Rh3 37. Bxb5 Re1+ 38. Kb2 Rxh4 39. c6 Rhh1 40. c7 Rb1+ 41. Ka3 Rbc1 42. Bc4 h4 43. Rd7 1-0

[Event "Amber-rapid 11th"]
[Site "Monte Carlo"]
[Date "2002.03.27"]
[Round "10"]
[White "Piket, Jeroen"]
[Black "Topalov, Veselin"]
[Result "0-1"]
[WhiteElo "2659"]
[BlackElo "2739"]
[PlyCount "94"]
[EventDate "2002.03.16"]
[EventType "tourn (rapid)"]
[EventRounds "11"]
[EventCountry "MNC"]
[EventCategory "18"]
[SourceTitle "CBM 087 Extra"]
[Source "ChessBase"]
[SourceDate "2002.05.03"]
[SourceVersion "2"]
[SourceVersionDate "2002.08.09"]
[SourceQuality "1"]

1. d4 d5 2. c4 dxc4 3. Nf3 e6 4. e3 Nf6 5. Bxc4 c5 6. 0-0 a6 7. dxc5 Bxc5 8. Qxd8+ Kxd8 9. Be2 Ke7 10. Nbd2 Bd7 11. a3 Ba7 12. b3 Rd8 13. Bb2 Bc6 14. Rfc1 Nbd7 15. a4 Bd5 16. Bc4 Bxf3 17. Nxf3 Bc5 18. Be2 Rac8 19. Nd4 Bd6 20. Bf3 Rxc1+ 21. Rxc1 Rb8 22. Kf1 g6 23. Be2 Ne4 24. Bd1 Nec5 25. Ke2 e5 26. Nf3 e4 27. Ne1 b5 28. axb5 Rxb5 29. Bd4 f5 30. Ra1 a5 31. f4 Nf6 32. h3 Nd5 33. g4 Ne6 34. Bb2 Bb4 35. Ng2 Nc3+ 36. Bxc3 Bxc3 37. Rc1 Rc5 38. gxf5 gxf5 39. Kf1 Bf6 40. Rb1 Rb5 41. Be2 Rb4 42. Ne1 a4 43. Bc4 a3 44. Nc2 a2 45. Ra1 Rxc4 46. bxc4 Bxa1 47. Nxa1 Kd6 0-1

[Event "Amber-rapid 11th"]
[Site "Monte Carlo"]
[Date "2002.03.26"]
[Round "9"]
[White "Morozevich, Alexander"]
[Black "Piket, Jeroen"]
[Result "1/2-1/2"]
[WhiteElo "2742"]
[BlackElo "2659"]
[PlyCount "141"]
[EventDate "2002.03.16"]
[EventType "tourn (rapid)"]
[EventRounds "11"]
[EventCountry "MNC"]
[EventCategory "18"]
[SourceTitle "CBM 087 Extra"]
[Source "ChessBase"]
[SourceDate "2002.05.03"]
[SourceVersion "2"]
[SourceVersionDate "2002.08.09"]
[SourceQuality "1"]

1. e4 e5 2. Nf3 Nf6 3. Nxe5 d6 4. Nf3 Nxe4 5. d4 d5 6. Bd3 Bd6 7. 0-0 0-0 8. c4 c6 9. Re1 Bf5 10. Nc3 Nxc3 11. bxc3 Bxd3 12. Qxd3 dxc4 13. Qb1 Nd7 14. Qxb7 Qc8 15. Qb1 Nf6 16. Qc2 Qa6 17. Bg5 Nd5 18. Bd2 h6 19. Nh4 Rfe8 20. Nf5 Bf8 21. Re5 Rad8 22. Rae1 Rxe5 23. dxe5 Nc7 24. Be3 Rd3 25. Qe2 Ne6 26. Qg4 Kh8 27. g3 Qb5 28. Nd4 Qxe5 29. Nxe6 Qxe6 30. Qxe6 fxe6 31. Bxa7 Rxc3 32. Rxe6 Ra3 33. Bd4 c5 34. Bb2 Rd3 35. Re3 Rd2 36. Be5 Rxa2 37. Rc3 Ra4 38. Kg2 Kg8 39. Kf3 Kf7 40. Ke4 Ra2 41. f4 Re2+ 42. Kd5 Rxh2 43. Rxc4 Rg2 44. Rc3 Be7 45. Ra3 h5 46. Ke4 Re2+ 47. Kf3 Rd2 48. Ra7 g6 49. g4 hxg4+ 50. Kxg4 Rd3 51. Rc7 Ke6 52. Rc6+ Kf7 53. Rc7 Rd5 54. Kf3 Ke6 55. Ke4 Rd1 56. Rc6+ Kf7 57. Rc7 Re1+ 58. Kd5 Re2 59. Rb7 Rd2+ 60. Ke4 Ke6 61. Rb6+ Bd6 62. Ra6 Rd1 63. Kf3 Kd7 64. Ra7+ Ke6 65. Ra6 Rd3+ 66. Ke4 Rd2 67. Ke3 Rd1 68. Ke4 Rd2 69. Ke3 Rd5 70. Ke4 Rd1 71. Kf3 1/2-1/2

[Event "Amber-blindfold 11th"]
[Site "Monte Carlo"]
[Date "2002.03.24"]
[Round "8"]
[White "Leko, Peter"]
[Black "Piket, Jeroen"]
[Result "1-0"]
[WhiteElo "2713"]
[BlackElo "2659"]
[PlyCount "107"]
[EventDate "2002.03.16"]
[EventType "tourn (rapid)"]
[EventRounds "11"]
[EventCountry "MNC"]
[EventCategory "18"]
[SourceTitle "CBM 087 Extra"]
[Source "ChessBase"]
[SourceDate "2002.05.03"]
[SourceVersion "2"]
[SourceVersionDate "2002.08.09"]
[SourceQuality "1"]

1. e4 e5 2. Nf3 Nc6 3. Bc4 Bc5 4. c3 Nf6 5. d3 d6 6. Bb3 a6 7. Nbd2 0-0 8. h3 Ba7 9. Nf1 Ne7 10. Ng3 Ng6 11. 0-0 h6 12. Re1 Be6 13. d4 Qc8 14. Be3 Rd8 15. Qc2 c5 16. Bxe6 Qxe6 17. d5 Qd7 18. c4 b5 19. b3 Rdb8 20. Nf5 Kf8 21. Nh2 Bb6 22. Bd2 Bd8 23. Ng4 bxc4 24. bxc4 Ne8 25. Rab1 h5 26. Nh2 Nf4 27. Ng3 Nf6 28. Nf3 Rxb1 29. Rxb1 Ra7 30. Bxf4 exf4 31. Ne2 Rb7 32. Rxb7 Qxb7 33. e5 dxe5 34. Nxe5 Bc7 35. Nd3 f3 36. gxf3 Bd6 37. Kg2 h4 38. Nc3 Qe7 39. Qe2 Qxe2 40. Nxe2 Nd7 41. Nc3 f5 42. Na4 g5 43. f4 g4 44. Nab2 Kf7 45. Nd1 Kg6 46. Ne3 Nb6 47. hxg4 fxg4 48. Ne5+ Bxe5 49. fxe5 Kg5 50. d6 Kf4 51. e6 h3+ 52. Kh2 g3+ 53. fxg3+ Kxe3 54. e7 1-0

[Event "Amber-rapid 11th"]
[Site "Monte Carlo"]
[Date "2002.03.24"]
[Round "8"]
[White "Piket, Jeroen"]
[Black "Leko, Peter"]
[Result "0-1"]
[WhiteElo "2659"]
[BlackElo "2713"]
[PlyCount "94"]
[EventDate "2002.03.16"]
[EventType "tourn (rapid)"]
[EventRounds "11"]
[EventCountry "MNC"]
[EventCategory "18"]
[SourceTitle "CBM 087 Extra"]
[Source "ChessBase"]
[SourceDate "2002.05.03"]
[SourceVersion "2"]
[SourceVersionDate "2002.08.09"]
[SourceQuality "1"]

1. d4 Nf6 2. c4 e6 3. Nf3 b6 4. g3 Ba6 5. Qb3 Nc6 6. Nbd2 d5 7. Qa4 Bb7 8. Bg2 Qd7 9. 0-0 Bd6 10. Qc2 Nb4 11. Qd1 c5 12. cxd5 exd5 13. b3 0-0 14. Bb2 Be7 15. Ne5 Qe6 16. dxc5 bxc5 17. a3 Na6 18. Rc1 Rab8 19. e3 Rfd8 20. Qc2 Bd6 21. Nd3 Ne4 22. Rfd1 f5 23. Nf3 Bf8 24. Nf4 Qe8 25. h4 Ba8 26. Ng5 Rb6 27. Rd3 Nc7 28. Rcd1 Rdb8 29. Ba1 h6 30. Nf3 Bd6 31. Nxd5 Nxd5 32. Rxd5 Bxd5 33. Rxd5 Rxb3 34. Rd1 Kh8 35. Kh2 Rxa3 36. Ng1 Bf8 37. Nh3 Qa4 38. Qxa4 Rxa4 39. Be5 Re8 40. Rd5 Ra2 41. Bxe4 fxe4 42. Kg2 c4 43. Nf4 Kg8 44. h5 Rc8 45. Rd7 c3 46. Ne6 c2 47. Nxf8 Kxf8 0-1

[Event "Amber-rapid 11th"]
[Site "Monte Carlo"]
[Date "2002.03.19"]
[Round "4"]
[White "Bareev, Evgeny"]
[Black "Piket, Jeroen"]
[Result "1-0"]
[WhiteElo "2707"]
[BlackElo "2659"]
[PlyCount "65"]
[EventDate "2002.03.16"]
[EventType "tourn (rapid)"]
[EventRounds "11"]
[EventCountry "MNC"]
[EventCategory "18"]
[SourceTitle "CBM 087 Extra"]
[Source "ChessBase"]
[SourceDate "2002.05.03"]
[SourceVersion "2"]
[SourceVersionDate "2002.08.09"]
[SourceQuality "1"]

1. c4 e5 2. g3 g6 3. d4 exd4 4. Qxd4 Nf6 5. Nc3 Bg7 6. Qe3+ Kf8 7. Bg2 Nc6 8. Nf3 d6 9. 0-0 Bf5 10. c5 d5 11. Rd1 Qd7 12. Qf4 Re8 13. Qa4 h6 14. Bd2 Ne4 15. Rac1 Nxc3 16. bxc3 Rxe2 17. Qb5 Re8 18. Qxb7 Bd3 19. Bf4 Be2 20. Re1 Kg8 21. Qxc7 Qxc7 22. Bxc7 Kh7 23. Nd2 Bb5 24. Rxe8 Rxe8 25. Bxd5 Re2 26. Nf3 f5 27. Bd6 g5 28. Rb1 Ba4 29. Rb7 Kg6 30. Rc7 Nd8 31. Rxa7 Bc6 32. Bxc6 Nxc6 33. Ra6 1-0

[Event "Amber-rapid 11th"]
[Site "Monte Carlo"]
[Date "2002.03.17"]
[Round "2"]
[White "Ljubojevic, Ljubomir"]
[Black "Piket, Jeroen"]
[Result "1-0"]
[WhiteElo "2548"]
[BlackElo "2659"]
[PlyCount "83"]
[EventDate "2002.03.16"]
[EventType "tourn (rapid)"]
[EventRounds "11"]
[EventCountry "MNC"]
[EventCategory "18"]
[SourceTitle "CBM 087 Extra"]
[Source "ChessBase"]
[SourceDate "2002.05.03"]
[SourceVersion "2"]
[SourceVersionDate "2002.08.09"]
[SourceQuality "1"]

1. c4 e5 2. Nc3 Nc6 3. Nf3 f5 4. d3 Nf6 5. g3 g6 6. Bg2 Bg7 7. 0-0 0-0 8. Rb1 d6 9. b4 a6 10. a4 h6 11. b5 axb5 12. axb5 Ne7 13. Bb2 Be6 14. Ra1 g5 15. Rxa8 Qxa8 16. Qb3 Nd7 17. Ra1 Qe8 18. Nd2 Qf7 19. Qb4 f4 20. Rf1 b6 21. Qa3 Nc5 22. Qa7 Nf5 23. Nd5 Kh8 24. Bc3 g4 25. Nb4 h5 26. Na6 Rc8 27. Nxc5 dxc5 28. Ne4 Qe7 29. Qb7 Rf8 30. Ra1 h4 31. Ra7 Rf7 32. Qc6 h3 33. Bh1 Nd4 34. Bxd4 cxd4 35. c5 fxg3 36. hxg3 Bf5 37. cxb6 Qb4 38. Qc1 h2+ 39. Kxh2 Qf8 40. Ng5 Rf6 41. Qxc7 Rh6+ 42. Kg1 1-0

[Event "Amber-rapid 11th"]
[Site "Monte Carlo"]
[Date "2002.03.16"]
[Round "1"]
[White "Piket, Jeroen"]
[Black "Shirov, Alexei"]
[Result "1/2-1/2"]
[WhiteElo "2659"]
[BlackElo "2715"]
[PlyCount "98"]
[EventDate "2002.03.16"]
[EventType "tourn (rapid)"]
[EventRounds "11"]
[EventCountry "MNC"]
[EventCategory "18"]
[SourceTitle "CBM 087 Extra"]
[Source "ChessBase"]
[SourceDate "2002.05.03"]
[SourceVersion "2"]
[SourceVersionDate "2002.08.09"]
[SourceQuality "1"]

1. d4 d5 2. c4 c6 3. Nf3 Nf6 4. e3 e6 5. Nc3 Nbd7 6. Bd3 dxc4 7. Bxc4 b5 8. Bd3 Bb7 9. e4 b4 10. Na4 c5 11. e5 Nd5 12. 0-0 cxd4 13. Nxd4 Nxe5 14. Bb5+ Nd7 15. Qh5 N5f6 16. Nxe6 Nxh5 17. Nxd8 Rxd8 18. Re1+ Be7 19. Nc5 Bc8 20. Bg5 Nhf6 21. Bxf6 gxf6 22. Rad1 Rg8 23. f4 Kf8 24. Nxd7+ Bxd7 25. Rxd7 Bc5+ 26. Kf1 Rxd7 27. Bxd7 Kg7 28. Be8 h5 29. g3 h4 30. Kg2 hxg3 31. hxg3 Rh8 32. b3 Rh5 33. Rd1 Be7 34. Bc6 Rc5 35. Be4 Rc7 36. Rd5 Bc5 37. Kf3 Bb6 38. Rb5 Bc5 39. Bd3 Be7 40. Bc4 Rd7 41. Ke4 Kf8 42. Kf5 Kg7 43. Ke4 Kf8 44. Rb8+ Kg7 45. Rc8 Bd8 46. Kf5 Bb6 47. Rc6 Bd4 48. Ke4 Bb6 49. Kf5 Bd4 1/2-1/2

[Event "Corus"]
[Site "Wijk aan Zee"]
[Date "2002.01.20"]
[Round "7"]
[White "Lautier, Joel"]
[Black "Piket, Jeroen"]
[Result "1/2-1/2"]
[WhiteElo "2687"]
[BlackElo "2659"]
[PlyCount "73"]
[EventDate "2002.01.12"]
[EventType "tourn"]
[EventRounds "13"]
[EventCountry "NED"]
[EventCategory "18"]
[SourceTitle "CBM 087"]
[Source "ChessBase"]
[SourceDate "2002.03.21"]
[SourceVersion "1"]
[SourceVersionDate "2002.03.21"]
[SourceQuality "1"]

1. d4 d5 2. c4 c6 3. Nf3 Nf6 4. Nc3 e6 5. Bg5 h6 6. Bxf6 Qxf6 7. e3 Nd7 8. Bd3 dxc4 9. Bxc4 g6 10. 0-0 Bg7 11. b4 0-0 12. a4 Qe7 13. Qb3 b6 14. a5 Rb8 15. axb6 axb6 16. Ra7 Bb7 17. Rd1 Rfd8 18. Ne1 Bf8 19. Nc2 Nf6 20. b5 c5 21. dxc5 Rxd1+ 22. Nxd1 Qxc5 23. Nd4 Bg7 24. Nb2 Bd5 25. Bxd5 Nxd5 26. Nd3 Qc3 27. Qxc3 Nxc3 28. Nc6 Nxb5 29. Rd7 Ra8 30. g3 Nc3 31. Nde5 Bxe5 32. Nxe5 Rf8 33. Rc7 Nd5 34. Rb7 h5 35. Kg2 Kg7 36. Nd7 Rc8 37. Nxb6 1/2-1/2

[Event "Corus"]
[Site "Wijk aan Zee"]
[Date "2002.01.15"]
[Round "3"]
[White "Grischuk, Alexander"]
[Black "Piket, Jeroen"]
[Result "1-0"]
[WhiteElo "2671"]
[BlackElo "2659"]
[PlyCount "105"]
[EventDate "2002.01.12"]
[EventType "tourn"]
[EventRounds "13"]
[EventCountry "NED"]
[EventCategory "18"]
[SourceTitle "CBM 087"]
[Source "ChessBase"]
[SourceDate "2002.03.21"]
[SourceVersion "1"]
[SourceVersionDate "2002.03.21"]
[SourceQuality "1"]

1. e4 e5 2. Nf3 Nc6 3. Bb5 a6 4. Ba4 Nf6 5. 0-0 Nxe4 6. d4 b5 7. Bb3 d5 8. dxe5 Be6 9. Nbd2 Nc5 10. c3 Bg4 11. Bc2 Ne6 12. Re1 Bc5 13. Nf1 Ne7 14. Ng3 h5 15. h3 h4 16. Nf1 Bh5 17. a4 d4 18. Be4 c6 19. Qc2 Bxf3 20. Bxf3 Bb6 21. Nd2 0-0 22. Be4 Nc5 23. cxd4 Qxd4 24. Nf3 Qc4 25. Qxc4 bxc4 26. Bg5 Nd5 27. Rac1 c3 28. bxc3 Nxa4 29. c4 Nb4 30. Be7 Nc5 31. Rb1 a5 32. Bxf8 Rxf8 33. Re2 Nxe4 34. Rxe4 Bc5 35. Nd2 a4 36. Re2 a3 37. Ne4 Be7 38. c5 a2 39. Ra1 Rd8 40. Nd6 Ra8 41. Rb2 Ra4 42. Kf1 g6 43. Ke2 Kg7 44. Ne4 Nd5 45. f3 Nf4+ 46. Kf1 Rc4 47. Rbxa2 Bxc5 48. Ra4 Bd4 49. Rxc4 Bxa1 50. Nc3 Nd5 51. Nxd5 cxd5 52. Rxh4 Bxe5 53. Ra4 1-0

[Event "Bundesliga 0102"]
[Site "Germany"]
[Date "2001.11.24"]
[Round "3.2"]
[White "Piket, Jeroen"]
[Black "Van Wely, Loek"]
[Result "1/2-1/2"]
[WhiteElo "2630"]
[BlackElo "2695"]
[PlyCount "61"]
[EventDate "2001.10.06"]
[EventType "team-tourn"]
[EventRounds "15"]
[EventCountry "GER"]
[SourceTitle "EXT 2003"]
[Source "ChessBase"]
[SourceDate "2002.11.25"]
[SourceVersion "1"]
[SourceVersionDate "2002.11.25"]
[SourceQuality "1"]
[WhiteTeam "Solingen"]
[BlackTeam "Koeln Porz"]
[WhiteTeamCountry "GER"]
[BlackTeamCountry "GER"]

1. d4 d5 2. c4 c6 3. Nf3 Nf6 4. Nc3 dxc4 5. a4 Bf5 6. e3 e6 7. Bxc4 Bb4 8. 0-0 Nbd7 9. Nh4 0-0 10. Nxf5 exf5 11. Qc2 Nb6 12. Be2 Qd7 13. a5 Nbd5 14. Bd2 a6 15. Nxd5 Nxd5 16. Bxb4 Nxb4 17. Qb3 Nd5 18. Bf3 Nf6 19. Rfd1 Rad8 20. Ra4 Rfe8 21. h3 h5 22. Rb4 Re7 23. d5 cxd5 24. Bxd5 Nxd5 25. Rbd4 Qe6 26. Rxd5 Red7 27. Rxd7 Rxd7 28. Qa4 Qc6 29. Qb3 Qe6 30. Qa4 Qc6 31. Qb3 1/2-1/2

[Event "EU-chT (Men) 13th"]
[Site "Leon"]
[Date "2001.11.06"]
[Round "1.2"]
[White "Piket, Jeroen"]
[Black "Stohl, Igor"]
[Result "1/2-1/2"]
[WhiteElo "2649"]
[BlackElo "2534"]
[PlyCount "98"]
[EventDate "2001.11.06"]
[EventType "team-swiss"]
[EventRounds "9"]
[EventCountry "ESP"]
[SourceTitle "CBM 086"]
[Source "ChessBase"]
[SourceDate "2002.02.05"]
[SourceVersion "1"]
[SourceVersionDate "2002.02.05"]
[SourceQuality "1"]
[WhiteTeam "Netherlands"]
[BlackTeam "Slovakia"]
[WhiteTeamCountry "NED"]
[BlackTeamCountry "SVK"]

1. d4 Nf6 2. c4 e6 3. Nc3 Bb4 4. Qc2 0-0 5. a3 Bxc3+ 6. Qxc3 b6 7. Bg5 Ba6 8. e3 d6 9. Bd3 Nbd7 10. Ne2 c5 11. Qc2 h6 12. Bh4 Rc8 13. Qa4 Bb7 14. 0-0 Qc7 15. Nc3 a6 16. Rac1 Rfe8 17. Qd1 Qb8 18. dxc5 bxc5 19. Qc2 Qa8 20. e4 e5 21. Rfd1 g5 22. Bg3 Nf8 23. Nd5 Bxd5 24. cxd5 Nh5 25. Qe2 Nf4 26. Bxf4 exf4 27. Bxa6 Rb8 28. Bb5 Re7 29. a4 Ng6 30. f3 Ne5 31. Qd2 Qa7 32. h3 Kg7 33. Kh1 h5 34. b4 Rc8 35. Bc6 cxb4 36. Qxb4 Qb8 37. Qxb8 Rxb8 38. Bb5 g4 39. Rc3 Kf6 40. Rf1 gxh3 41. gxh3 Ra7 42. Rg1 Raa8 43. h4 Rc8 44. Ra3 Rc2 45. Rg2 Rc1+ 46. Kh2 Rac8 47. Bc6 Rb8 48. Bb5 Rbc8 49. Bc6 Rb8 1/2-1/2

[Event "Lisbon op"]
[Site "Lisbon"]
[Date "2001.08.21"]
[Round "1"]
[White "Piket, Jeroen"]
[Black "Collas, Didier"]
[Result "1-0"]
[WhiteElo "2630"]
[BlackElo "2378"]
[PlyCount "81"]
[EventDate "2001.08.21"]
[EventType "swiss"]
[EventRounds "9"]
[EventCountry "POR"]
[SourceTitle "EXT 2002"]
[Source "ChessBase"]
[SourceDate "2001.11.25"]
[SourceVersion "1"]
[SourceVersionDate "2001.11.25"]
[SourceQuality "1"]

1. d4 d5 2. c4 e6 3. Nf3 Nf6 4. g3 dxc4 5. Bg2 a6 6. Ne5 c5 7. Na3 cxd4 8. Naxc4 Ra7 9. a4 b6 10. 0-0 Bb7 11. Nf3 Bc5 12. Bg5 0-0 13. Rc1 a5 14. Qb3 Nbd7 15. Rfd1 h6 16. Bf4 Qe7 17. Be5 Nxe5 18. Nfxe5 Bxg2 19. Kxg2 Nd5 20. Nf3 Qf6 21. Qd3 Rd8 22. Qe4 Nb4 23. Nce5 Rd5 24. Rc4 h5 25. h3 g6 26. g4 hxg4 27. hxg4 Ra8 28. g5 Qf5 29. Qh4 Bf8 30. Rh1 Bg7 31. Ng4 Kf8 32. Rc7 Qf4 33. Rb7 Rf5 34. Nh6 Qxh4 35. Rxh4 Bxh6 36. gxh6 d3 37. e4 Rc5 38. Rf4 f6 39. h7 Rh5 40. Rxf6+ Ke8 41. Rxg6 1-0

[Event "Lost Boys op"]
[Site "Amsterdam"]
[Date "2001.08.18"]
[Round "8"]
[White "Nijboer, Friso"]
[Black "Piket, Jeroen"]
[Result "1/2-1/2"]
[WhiteElo "2551"]
[BlackElo "2630"]
[PlyCount "95"]
[EventDate "2001.08.10"]
[EventType "swiss"]
[EventRounds "9"]
[EventCountry "NED"]
[SourceTitle "CBM 083 Extra"]
[Source "ChessBase"]
[SourceDate "2001.09.11"]
[SourceVersion "1"]
[SourceVersionDate "2001.09.11"]
[SourceQuality "1"]

1. e4 c5 2. Nf3 Nc6 3. d4 cxd4 4. Nxd4 Qb6 5. Nb3 Nf6 6. Nc3 e6 7. Qe2 Bb4 8. Bd2 0-0 9. a3 Bxc3 10. Bxc3 e5 11. 0-0-0 Rd8 12. Rd6 Qc7 13. Rxf6 gxf6 14. Qg4+ Kh8 15. Qh4 d6 16. Qxf6+ Kg8 17. Qg5+ Kh8 18. f4 Qe7 19. Qxe7 Nxe7 20. fxe5 dxe5 21. Bxe5+ Kg8 22. Bf6 Bg4 23. Bb5 Kf8 24. h3 Bh5 25. Nd4 Bg6 26. Re1 Rd6 27. Be5 Rb6 28. a4 Rc8 29. b3 a6 30. Bc4 Rxc4 31. bxc4 Rb4 32. Bd6 Rxa4 33. Kb2 Ke8 34. Nf5 Nc6 35. Kb3 b5 36. cxb5 axb5 37. Bc5 Na5+ 38. Kb2 Kd7 39. g4 h5 40. Bf8 hxg4 41. hxg4 Ke6 42. Bg7 f6 43. Rf1 Rxe4 44. Nh6 Nc4+ 45. Ka2 Kd5 46. Rxf6 Re6 47. Rf2 Ra6+ 48. Kb3 1/2-1/2